000 00727nam a2200229Ia 4500
003 OSt
005 20260116122448.0
008 220923b |||||||| |||| 00| 0 eng d
037 _cGeneral Book
040 _aRTL
_cRTL
_beng
041 _2eng
_aeng
084 _aX:8N , L7
_qRTL
100 _aRoss Robert D
_9318629
245 0 _aMangement of public relations
_b Analysis and plann
260 _aNew York
_bJohn Wiley
_c1977
300 _axiv , 274 p
_ccm.
_bIncludes bibliographical references and index.
490 _aWiley series on marketing management
500 _aBibliography p 247-55
650 _aPublic Relations
_9898274
942 _hX:8N, L7
_cGB
_2CC
_n0
999 _c626333
_d626333